Guidelines for coordinated human and animal brucellosis curveillance

সংরক্ষণ করুন:
গ্রন্থ-পঞ্জীর বিবরন
প্রধান লেখক: A. Robinson
বিন্যাস: গ্রন্থ
ভাষা:Undetermined
প্রকাশিত: Rome, Italy FAO 2003
বিষয়গুলি:
ট্যাগগুলো: ট্যাগ যুক্ত করুন
কোনো ট্যাগ নেই, প্রথমজন হিসাবে ট্যাগ করুন!
Thư viện lưu trữ: Trung tâm Học liệu Trường Đại học Cần Thơ
LEADER 00499nam a2200181Ia 4500
001 CTU_58533
008 210402s9999 xx 000 0 und d
082 |a 636.2089 
082 |b R658 
100 |a A. Robinson 
245 0 |a Guidelines for coordinated human and animal brucellosis curveillance 
245 0 |c A. Robinson 
260 |a Rome, Italy 
260 |b FAO 
260 |c 2003 
650 |a brucellosis in cattle 
904 |i Minh 
980 |a Trung tâm Học liệu Trường Đại học Cần Thơ